[Event "77th GEO-ch Supreme League 2018"]
[Site "Tbilisi"]
[Date "2018.01.16"]
[Round "1.1"]
[White "Mchedlishvili, Mikheil"]
[Black "Akhvlediani, Irakli"]
[Result "1-0"]
[WhiteElo "2602"]
[BlackElo "2334"]
[Annotator "TA"]
[PlyCount "79"]
[EventDate "2018.??.??"]
[EventType "k.o."]
[EventCountry "GEO"]
[SourceTitle "playchess.com"]
[Source "ChessBase"]
[SourceQuality "1"]

{[%evp 24,79,33,33,42,40,27,18,22,15,35,37,31,-36,10,14,4,0,37,23,37,31,100,46,72,54,41,39,27,49,216,184,347,321,486,474,520,520,533,533,529,530,663,659,680,506,691,683,718,712,690,523,887,880,879,872,865,841]} 1. c4 g6 2. d4 Nf6 3. Nc3 Bg7 4. e4 d6 5. Be2 O-O 6. Nf3 e5 7. Be3 Ng4 8. Bg5 f6 9. Bh4 Nc6 10. d5 Ne7 11. Nd2 f5 12. h3 {E92: Königsindisch (Klassisches System)} (12. Bxg4 fxg4 13. Bg5 h6 14. Be3 c5 15. dxc6 bxc6 16. b4 d5 17. exd5 cxd5 18. Bc5 e4 19. Bxe7 Qxe7 20. Nxd5 Qf7 {1-0 (52) Caruana,F (2783)-Radjabov,T (2713) Shamkir 2014}) 12... Nf6 13. g4 {LiveBook: 9 Partien} Kh8 14. f3 {Weiß steht etwas besser.} c6 15. Qb3 b5 16. cxb5 cxd5 17. exd5 Bb7 {[%cal Rb7d5]} 18. Nc4 $146 (18. Bxf6 $14 Bxf6 19. h4) ({Vorgänger:} 18. O-O-O Nexd5 19. Nxd5 Bxd5 {0-1 (47) Biyiasas,P (2460)-Browne,W (2585) Manila 1976}) 18... Nfxd5 19. Nxd5 Bxd5 20. O-O-O {[#] Droht stark Txd5!} Bg8 21. Kb1 $1 Qc7 22. Qb4 Rfd8 ({Lieber} 22... Nc8 $14) 23. Rxd6 ({Nicht} 23. Nxd6 Nd5 $17) (23. Rhe1 $16) 23... Nd5 $1 $14 {[%cal Rd5b4]} 24. Bxd8 Rxd8 25. Qa3 {[#] Schwarz muss nun Txd8 beachten.} Bf8 26. Rc6 Qb8 $2 (26... Bxa3 $14 27. Rxc7 Nxc7 28. Nxa3 Ne6) 27. Qa5 $18 Nf4 $2 (27... e4 28. Rd1 Re8) 28. Rd1 Rd5 (28... Re8 $142) 29. Ne3 {Weiß steht klar auf Gewinn.} Rd4 30. Bc4 Bxc4 31. Rxc4 Rxd1+ 32. Nxd1 Qd6 33. Nf2 Qd5 34. Qc3 Ne2 35. Qd3 Nd4 36. gxf5 gxf5 37. Nd1 Bc5 38. Ne3 Qd6 39. Nxf5 Nxf5 40. Qxf5 {Precision: Weiß = 77%, Schwarz = 38%.} 1-0

[Event "77th GEO-ch Supreme League 2018"]
[Site "Tbilisi"]
[Date "2018.01.16"]
[Round "1.1"]
[White "Jojua, Davit"]
[Black "Petriashvili, Nikoloz"]
[Result "1-0"]
[WhiteElo "2586"]
[BlackElo "2371"]
[Annotator "TA"]
[PlyCount "69"]
[EventDate "2018.??.??"]
[EventType "k.o."]
[EventCountry "GEO"]
[SourceTitle "playchess.com"]
[Source "ChessBase"]
[SourceQuality "1"]

{[%evp 9,69,42,51,44,48,50,46,43,53,45,52,47,52,45,50,50,54,55,72,72,75,75,83,76,72,73,99,67,79,85,89,71,105,106,106,119,110,105,131,121,132,102,587,554,588,597,562,566,568,553,545,539,626,616,763,751,919,903,914,914,895,866]} 1. d4 d6 2. Nf3 Nf6 3. c4 g6 4. Nc3 Bf5 5. d5 e5 {LiveBook: 7 Games} 6. h3 $146 {E61: King's Indian: Early deviations for White, including Smyslov System} ({Predecessor:} 6. dxe6 Bxe6 7. Nd4 Bd7 8. e4 Bg7 9. Be2 O-O 10. O-O Nc6 11. Be3 Re8 12. f3 Nh5 13. Qd2 {1-0 (43) Ragger,M (2632)-Caruana,F (2791) Dubai 2014}) 6... Bg7 7. g4 Bd7 8. e4 {White is slightly better.} a5 9. Be3 Na6 10. Be2 b6 11. Nd2 h5 {[#] White must now prevent ...hxg4.} 12. g5 Nh7 13. Nf3 f6 14. gxf6 Qxf6 15. Qd2 Nc5 16. O-O-O O-O-O 17. Rdg1 Rdf8 18. Ne1 (18. Qd1 {looks sharper.} Kb7 19. Kb1 Ra8 20. Rg3 Nf8 21. Ng5) 18... Qf7 19. Nd3 Nxd3+ 20. Bxd3 Bf6 21. a3 Bh4 {[%cal Rh4f2]} 22. Rh2 Kd8 23. Nb5 g5 24. Qc2 Qe8 25. Qb3 {Strongly threatening Nxc7!} Rf6 $2 {[%mdl 8192] [#]} (25... Bxb5 $16 {is more resistant.} 26. cxb5 Kc8) 26. Nxc7 $1 $18 {[%mdl 512] White is clearly winning.} Qf8 (26... Kxc7 27. Qxb6+) 27. Qxb6 Ke7 28. c5 {[%cal Bc4c5,Bc5c6][%mdl 32]} Qb8 29. Qxb8 Rxb8 30. c6 Bc8 31. b4 Kd8 32. Nb5 {aiming for c7+.} Ra8 33. Bb6+ Ke7 34. Nc7 Rb8 35. Ba7 {Precision: White = 88%, Black = 52%.} 1-0

[Event "77th GEO-ch Supreme League 2018"]
[Site "Tbilisi"]
[Date "2018.01.16"]
[Round "1.1"]
[White "Sanikidze, Tornike"]
[Black "Sibashvili, Giorgi"]
[Result "1/2-1/2"]
[WhiteElo "2525"]
[BlackElo "2392"]
[Annotator "TA"]
[PlyCount "102"]
[EventDate "2018.??.??"]
[EventType "k.o."]
[EventCountry "GEO"]
[SourceTitle "playchess.com"]
[Source "ChessBase"]
[SourceQuality "1"]

{[%evp 24,102,37,0,0,0,0,-3,0,-10,91,97,89,104,89,89,89,96,96,100,95,90,99,103,99,96,96,86,110,107,103,95,102,100,114,97,95,97,96,66,66,66,51,52,54,63,62,57,70,56,48,46,59,33,33,43,46,40,33,39,51,40,41,18,25,18,23,18,36,18,24,18,16,14,20,10,12,8,11,8,8]} 1. d4 Nf6 2. c4 e6 3. Nf3 d5 4. Nc3 dxc4 5. e4 Bb4 6. Bg5 c5 7. Bxc4 cxd4 8. Nxd4 Bxc3+ 9. bxc3 Qa5 10. Bxf6 Qxc3+ {D39: Queen's Gambit Declined: Ragozin Defence with 5 Bg5 dxc4} 11. Kf1 gxf6 12. Rc1 Qa5 13. g3 {[%mdl 1024] LiveBook: 6 Games. White has compensation.} O-O {[#]} 14. Qf3 $146 ({Predecessor:} 14. Kg2 Rd8 15. Bd5 Nd7 16. Bxe6 Ne5 17. Bxc8 Raxc8 18. Rxc8 Rxc8 {½-½ (45) Kramnik,V (2772)-Morozevich,A (2750) Moscow 2009}) 14... Qe5 15. Qe3 Nd7 16. Kg2 Nc5 (16... b6 $11 {keeps the balance.}) 17. Nf3 $16 Qh5 18. g4 $1 $36 {[%cal Rg4h5][%mdl 2048] White is really pushing.} Qxg4+ 19. Kf1 {aiming for Rg1.} Qh5 20. Qf4 Nd7 21. Rd1 $1 {Rg1+ is the strong threat.} (21. Rg1+ Kh8 $15) 21... Ne5 22. Rg1+ Ng6 23. Qxf6 b5 24. Be2 Qh3+ 25. Ke1 Bb7 {[#]} 26. Rg3 $1 {[%cal Rg3h3]} ({But not} 26. Bxb5 $6 Bxe4 27. Rg3 Qf5 $11) 26... Qh6 {[#]} 27. Ng5 $1 {Hoping for Rd7.} ({Don't play} 27. Bxb5 $6 Bxe4 28. Ng5 Rab8 $11) 27... Bc6 {[#]} 28. Nxe6 $1 {[%mdl 512]} fxe6 29. Qxe6+ Rf7 30. Qxc6 Raf8 31. Bxb5 Qxh2 {[%csl Gf7,Gf8][%cal Rh2f2]} 32. Rd2 {Strongly threatening Bc4.} Qh1+ 33. Bf1 Rf4 34. Re2 Rb8 35. Qc4+ Kh8 36. Qd4+ Kg8 37. Qd3 Rf6 38. Rh3 Qg1 39. e5 Re6 40. Rg3 Qh1 41. Qc4 Rb1+ 42. Kd2 Qc6 43. Ree3 {Black must now prevent Rc3.} Rb2+ 44. Kc1 Rb4 $1 {[%cal Rb4c4]} ({Not} 44... Rxf2 $2 45. Rc3 $18) 45. Qc2 Qxc2+ 46. Kxc2 {And now Kc3 would win.} Rf4 47. f3 Kf8 {The position is equal.} 48. Bd3 Rxe5 49. Rxe5 Nxe5 50. Bxh7 Rxf3 51. Rxf3+ Nxf3 {Precision: White = 81%, Black = 88%.} 1/2-1/2

[Event "77th GEO-ch Supreme League 2018"]
[Site "Tbilisi"]
[Date "2018.01.16"]
[Round "1.1"]
[White "Benidze, Davit"]
[Black "Quparadze, Giga"]
[Result "1/2-1/2"]
[WhiteElo "2501"]
[BlackElo "2499"]
[Annotator "TA"]
[PlyCount "73"]
[EventDate "2018.??.??"]
[EventType "k.o."]
[EventCountry "GEO"]
[SourceTitle "playchess.com"]
[Source "ChessBase"]
[SourceQuality "1"]

{[%evp 16,73,0,0,0,0,0,0,0,-14,-7,-36,-39,-36,-34,-37,-34,-65,-24,-25,-20,-24,-21,-28,-10,-84,0,-9,-8,-16,0,-13,0,0,0,0,0,0,0,0,0,-8,0,0,0,0,0,0,0,0,0,0,0,0,0,0,0,0,0,0]} 1. g3 c5 2. Bg2 Nc6 3. Nf3 g6 4. c3 {[%cal Bc2c3,Bc3d4][%mdl 32]} e5 5. d4 cxd4 6. cxd4 {A04: Holländisches System ohne Übergang in andere Systeme} e4 7. Ne5 (7. Nfd2 d5 8. f3 exf3 9. Nxf3 Bg7 10. Nc3 Bg4 11. Ne5 Nxe5 12. dxe5 {1-0 (67) Mamedyarov,S (2799)-Yu,Y (2751) Huaian 2017}) 7... d5 8. Nxc6 bxc6 9. Qc2 {LiveBook: 3 Partien} Bd7 10. Nd2 Bg7 11. Nb3 Ne7 12. Bf4 $146 ({Vorgänger:} 12. Bd2) 12... Nf5 13. O-O-O a5 {[%cal Ba7a5,Ba5a4][%mdl 32] Und ...a4 würde nun gewinnen.} 14. Bh3 O-O $36 {[%mdl 2048] Schwarz steht aktiver.} 15. Bxf5 $1 Bxf5 16. Qc3 Qb6 17. h3 a4 18. Nc5 Bc8 19. Rd2 Re8 20. e3 (20. g4 $11 {bleibt in der Remisbreite.}) 20... Ba6 (20... h5 $17) 21. Nxa6 $11 {Die Stellung ist ausgeglichen.} Rxa6 22. Bd6 Qd8 23. Ba3 h5 24. h4 Bf8 25. Bxf8 Rxf8 26. Kb1 Qe7 27. Rc1 Rb8 28. Qc5 Qf6 29. Qa3 Rbb6 30. Rc5 Kg7 31. Qc3 Qf3 32. Qc2 Rb4 33. a3 Rbb6 34. Qc1 Qf6 35. Rdc2 Qe6 36. Qd2 Qd7 37. Ra5 {Precision: Weiß = 70%, Schwarz = 59%.} 1/2-1/2

[Event "77th GEO-ch Supreme League 2018"]
[Site "Tbilisi"]
[Date "2018.01.16"]
[Round "1.1"]
[White "Beradze, Irakli"]
[Black "Maghalashvili, Davit"]
[Result "1/2-1/2"]
[WhiteElo "2465"]
[BlackElo "2506"]
[Annotator "TA"]
[PlyCount "27"]
[EventDate "2018.??.??"]
[EventType "k.o."]
[EventCountry "GEO"]
[SourceTitle "playchess.com"]
[Source "ChessBase"]
[SourceQuality "1"]

{[%evp 22,27,0,0,18,18,19,0]} 1. d4 Nf6 2. c4 e6 3. Nc3 Bb4 4. Qc2 O-O 5. a3 Bxc3+ 6. Qxc3 d5 7. Bg5 dxc4 {E36: Nimzo-Indian: Classical: 4...d5 5 a3} 8. Qxc4 b6 9. Nf3 Ba6 10. Qa4 c5 11. Rd1 cxd4 12. Nxd4 {LiveBook: 9 Games. The position is equal.} Qd7 13. Qxd7 Nbxd7 {[#]} 14. e3 $146 ({Predecessor:} 14. g3 Bb7 15. f3 h6 16. Bc1 Rfd8 {0-1 (28) Wang,H (2736)-Almasi,Z (2707) Beijing 2011}) 1/2-1/2

[Event "77th GEO-ch Supreme League 2018"]
[Site "Tbilisi"]
[Date "2018.01.16"]
[Round "1.1"]
[White "Morchiashvili, Bachana"]
[Black "Arutinian, David"]
[Result "1/2-1/2"]
[WhiteElo "2384"]
[BlackElo "2545"]
[Annotator "TA"]
[PlyCount "90"]
[EventDate "2018.??.??"]
[EventType "k.o."]
[EventCountry "GEO"]
[SourceTitle "playchess.com"]
[Source "ChessBase"]
[SourceQuality "1"]

{[%evp 27,90,6,0,-20,16,-12,-5,-43,-14,-30,-25,-19,-27,-25,18,0,16,11,10,0,0,0,0,0,0,-10,0,0,0,-69,-65,-68,-25,-38,-37,-35,-37,-37,-39,-70,-74,-136,0,0,0,0,0,0,0,-7,0,0,0,0,0,0,0,0,0,0,0,0,0,0,0]} 1. d4 d5 2. c4 e6 3. Nc3 Nf6 4. cxd5 exd5 5. Bg5 Be7 6. e3 Nbd7 7. Bd3 c6 8. Qc2 Nh5 9. Bxe7 Qxe7 10. Nge2 g6 11. O-O-O Nb6 12. h3 {D36: Queen's Gambit Declined: Exchange Variation: Main line (5 Bg5 c6 6 Qc2)} (12. Rde1 Be6 13. f3 O-O-O 14. g4 Ng7 15. Nf4 h5 16. h3 Kb8 17. Rhg1 Qd6 18. Bf1 hxg4 19. hxg4 Rh7 {½-½ (46) Morozevich,A (2724)-Inarkiev,E (2688) Moscow 2014}) 12... Ng7 13. g4 Bd7 14. Nf4 g5 {LiveBook: 8 Games} 15. Rde1 Qf6 16. Ng2 $146 ({Predecessor:} 16. Nh5 Nxh5 17. gxh5 O-O-O 18. Ref1 Kb8 {0-1 (45) Murray,S-Trussler,P England 1994}) 16... h5 17. e4 O-O-O (17... Ne6 {feels hotter.} 18. exd5 cxd5 19. Bf5 hxg4 20. Ne3 Qxd4 21. Kb1 gxh3 22. Bxh3 Rc8) 18. exd5 hxg4 19. hxg4 Rxh1 ({Don't play} 19... Bxg4 $6 20. Rxh8 Rxh8 21. dxc6 $16) (19... Qxd4 20. dxc6 bxc6 21. Ne3 $14) 20. Rxh1 Qxd4 21. Ne3 Kb8 {[%cal Rc6d5]} 22. dxc6 Bxc6 23. Rd1 Qf4 24. Be4 Rxd1+ 25. Kxd1 Bd7 26. Qe2 Ne6 27. Qf3 Nc5 28. Qxf4+ (28. b3 $11) 28... gxf4 $15 29. Nf5 Nc4 30. b3 Ne5 31. Ke2 Nxg4 32. Nd6 Nxe4 33. Ncxe4 {[%mdl 4096] Endgame KBN-KNN} Ne5 34. Nc5 {[#]} (34. Ng5 $142) 34... Bc6 (34... Kc7 $1 $17 {[%cal Rc7d6]} 35. Nxd7 Kxd6) 35. Nd3 $11 {The position is equal.} f6 36. Nxf4 Kc7 37. Nf5 $1 Kb6 38. Nd4 Be4 39. f3 Bb1 40. a3 Kc5 41. Ke3 a5 42. Nfe6+ Kd6 43. Nf4 b6 44. Nfe2 Bh7 45. Nc3 Nd7 {Precision: White = 52%, Black = 64%.} 1/2-1/2

[Event "77th GEO-ch Supreme League 2018"]
[Site "Tbilisi"]
[Date "2018.01.16"]
[Round "1.1"]
[White "Tutisani, Noe"]
[Black "Paichadze, Luka"]
[Result "0-1"]
[WhiteElo "2367"]
[BlackElo "2588"]
[Annotator "TA"]
[PlyCount "64"]
[EventDate "2018.??.??"]
[EventType "k.o."]
[EventCountry "GEO"]
[SourceTitle "playchess.com"]
[Source "ChessBase"]
[SourceQuality "1"]

{[%evp 15,64,24,29,25,46,47,37,44,34,52,40,-52,-51,-58,-22,-122,-135,-126,-97,-106,-30,-71,-64,-105,-24,-128,-105,-107,-72,-124,-82,-110,-123,-197,-218,-220,-187,-188,-183,-225,-187,-260,-253,-266,-261,-257,-235,-247,-244,-404,-286]} 1. d4 Nf6 2. c4 e6 3. Nc3 Bb4 4. f3 d5 5. a3 Be7 6. e4 dxe4 7. fxe4 e5 8. d5 O-O 9. Bd3 {E20: Nimzo-Indian: 4 g3 and 4 f3} Ng4 10. Nf3 Bc5 {[#] Hoping for ...Nf2.} 11. Qe2 {White is slightly better.} (11. Qc2 a5 12. h3 Nf2 13. Rf1 Nxd3+ 14. Qxd3 Qe7 15. g4 Na6 16. Bd2 Bd7 {0-1 (81) Li,C (2656)-Bu,X (2662) Danzhou 2011}) 11... Bf2+ 12. Kd1 {Strongly threatening h3.} Bd4 13. Nxd4 $146 (13. Kc2 $1 $14) ({Predecessor:} 13. Kc2 Nf2 14. Nxd4 Nxd3 15. Qxd3 exd4 16. Nb5 {1-0 (39) Shirov,A (2500)-Pira,D (2345) Paris 1990}) 13... exd4 $15 14. Nb5 Ne5 (14... Nc6 $5 15. Kc2 (15. dxc6 bxc6 16. Nxa7 Rxa7 $15) 15... a6 $11) 15. h3 {[#]} (15. Nxd4 $11 Bg4 16. Nf3) 15... c5 $1 $17 16. Bf4 Re8 17. d6 Na6 (17... Bd7 $17 {Threatens to win with ...Bxb5.} 18. Nc7 Ba4+ 19. Kc1 Qxd6 20. Bxe5 Qxe5 21. Nxa8 (21. Nxe8 Bxe8 22. Kc2 Nc6 $15) 21... Nd7) 18. Rf1 Bd7 19. b3 Bc6 ({Black should try} 19... f6 $17) 20. Bb1 (20. Bxe5 $1 $11 {keeps the balance.} Rxe5 21. Rf4) 20... Qd7 21. Ra2 Re6 22. Rd2 ({White should play} 22. Bxe5 Rxe5 23. Bd3) 22... b6 23. Bh2 Rae8 24. Qf2 (24. Rf5 $17 {is a better defense.}) 24... f6 $19 25. Qe2 Bxb5 26. cxb5 Nb8 27. g4 Rxd6 28. Rf5 (28. Bxe5 {was necessary.} Rxe5 29. Kc1) 28... d3 29. Qf1 Qxb5 30. Bxe5 Rxe5 ({And not} 30... Qxb3+ 31. Kc1 $14) 31. Bxd3 Qxb3+ 32. Ke1 $2 (32. Bc2 {was forced.} Qe6 33. Rxe5 Rxd2+ 34. Kxd2 Qxe5 35. Qf5) 32... Qc3 {Precision: White = 31%, Black = 42%.} 0-1

[Event "77th GEO-ch Supreme League 2018"]
[Site "Tbilisi"]
[Date "2018.01.16"]
[Round "1.1"]
[White "Kacharava, Nikolozi"]
[Black "Pantsulaia, Levan"]
[Result "1/2-1/2"]
[WhiteElo "2302"]
[BlackElo "2605"]
[Annotator "TA"]
[PlyCount "129"]
[EventDate "2018.??.??"]
[EventType "k.o."]
[EventCountry "GEO"]
[SourceTitle "playchess.com"]
[Source "ChessBase"]
[SourceQuality "1"]

{[%evp 17,129,2,18,-20,26,22,21,35,13,-28,-25,-18,0,-27,-15,-27,3,-14,16,16,16,12,4,-43,14,4,10,22,23,0,0,0,0,0,35,25,50,26,54,0,0,0,0,0,0,0,0,0,0,0,0,0,0,0,0,0,0,0,0,0,4,4,6,5,8,0,0,0,0,0,0,0,0,0,464,529,723,409,1172,1204,1025,485,1004,1116,240,73,744,754,706,706,674,8,8,8,8,8,8,8,8,8,8,8,8,8,8,8,8,8,8,8,8,8,8,8]} 1. e4 c5 2. Nf3 e6 3. d4 cxd4 4. Nxd4 a6 5. c4 Nf6 6. Nc3 Bb4 7. Qd3 {B41: Sicilian: Kan Variation: 5 c4} O-O 8. Be2 d6 9. O-O Nbd7 {LiveBook: 4 Games} 10. f3 (10. Qc2 Bxc3 11. bxc3 Nc5 12. f3 Qc7 13. Be3 Bd7 14. Qd2 e5 {0-1 (45) Jakovenko,D (2710)-Andreikin,D (2708) Sochi 2017}) 10... Qc7 11. Be3 $146 ({Predecessor:} 11. a3 Bc5 12. b4 Ne5 13. Qd1 Ba7 14. Be3 Nxc4 15. Bxc4 Qxc4 16. Rc1 {1-0 (74) Panarin,M (2495)-Rodshtein,M (2454) playchess.com INT 2005}) 11... Ne5 12. Qc2 Bd7 13. Nd1 {[%cal Bc3d1,Bd1f2,Bf2d3][%mdl 32]} Rac8 {[%cal Re5c4]} 14. Rc1 h6 15. Nf2 Qb8 16. Qb3 Ba5 17. Nd3 Ng6 18. Rfd1 Bc7 19. Kh1 Rfd8 20. c5 dxc5 (20... d5 $15) 21. Nxc5 $11 Bxh2 22. Nxd7 Nxd7 23. Nxe6 (23. Rxc8 {feels hotter.} Rxc8 24. Nxe6 Qg3 25. Nd4 Nc5 26. Qc3) 23... Rxc1 24. Nxd8 Qxd8 25. Kxh2 (25. Bxc1 $2 {loses.} Qh4 $19) 25... Rxd1 26. Qxd1 Qh4+ 27. Kg1 Nf6 28. Qc1 (28. Bf2 $14 Qg5 29. Bf1) 28... Nh5 $1 29. Qc8+ Kh7 30. Bf1 Ng3 {...Qh1+ is the strong threat.} 31. Qh3 Ne2+ 32. Bxe2 Qe1+ 33. Kh2 {Hoping for Bxh6.} Qxe2 34. Bd4 Qc4 35. Qd7 Nf8 36. Qd5 (36. b3 {with more complications.} Nxd7 37. bxc4 f6 38. f4 g5 39. Kg3) 36... Qxd5 37. exd5 {[%mdl 4096] Endgame KB-KN} g5 38. Kg3 Kg6 39. Kf2 h5 40. Ke3 Kf5 41. Bc3 Ng6 42. Kd4 Nf4 43. g4+ $1 hxg4 44. fxg4+ Kxg4 {White should prevent ...Kf5.} 45. d6 f5 $2 {[%mdl 8192]} (45... Ne6+ $11 {and Black stays safe.} 46. Ke5 Nc5) 46. d7 $18 Ne6+ 47. Kd5 Nd8 48. Ba5 Nc6 49. d8=Q Nxd8 50. Bxd8 {KB-KP} Kf4 51. Kd4 $1 g4 $2 {[%mdl 8192] [#]} (51... Kg4 $16) 52. Bc7+ $1 Kf3 53. Ke5 f4 {[#]} 54. Kf5 $2 (54. Kd4 $1 $18 g3 55. Kd3) 54... g3 $11 {And now ...g2 would win.The position is equal.} 55. Bxf4 {KB-K3P} g2 56. Bh2 Ke3 $1 57. a4 Kd4 58. Bg1+ Kc4 $1 59. Ke4 {Threatens to win with a5.} Kb4 60. Kd5 b5 61. axb5 axb5 62. Bd4 Kb3 63. Kc5 g1=Q 64. Bxg1 {White wants to mate with Bd4.} Kxb2 65. Kxb5 {Precision: White = 65%, Black = 69%.} 1/2-1/2

[Event "77th GEO-ch Supreme League 2018"]
[Site "Tbilisi"]
[Date "2018.01.17"]
[Round "1.2"]
[White "Pantsulaia, Levan"]
[Black "Kacharava, Nikolozi"]
[Result "0-1"]
[WhiteElo "2605"]
[BlackElo "2302"]
[Annotator "TA"]
[PlyCount "106"]
[EventDate "2018.??.??"]
[EventType "k.o."]
[EventCountry "GEO"]
[SourceTitle "playchess.com"]
[Source "ChessBase"]
[SourceQuality "1"]

{[%evp 21,106,10,22,0,9,4,9,14,12,-25,-20,-22,-22,-22,-22,-41,0,0,17,8,0,-29,-35,-41,-44,-90,-84,-90,-74,-129,-123,-127,-87,-95,-88,-87,-72,-73,-62,-97,-93,-106,-102,-94,-95,-102,-94,-87,-91,-143,-124,-132,-121,-127,-142,-140,-113,-113,-46,-486,-472,-898,-903,-808,-620,-717,-613,-855,-839,-29970,-29971,-5097,-1281,-29980,-29981,-29981,-29978,-29978,-29976,-29976,-29978,-29978,-29979,-29979,-29978,-29978,-29979]} 1. Nf3 Nf6 2. g3 g6 3. b3 Bg7 4. Bb2 O-O 5. Bg2 d6 6. d4 c5 7. c4 Qa5+ 8. Nc3 Nc6 9. O-O cxd4 10. Nxd4 Bd7 11. e3 Rac8 {LiveBook: 32 Partien} 12. h3 {E60: Königsindisch (ohne Sc3)} (12. Rc1 a6 13. a3 Bg4 14. Qd2 Qh5 15. Nce2 Nxd4 16. Nxd4 e5 17. Nc2 Bf3 18. Bxf3 Qxf3 19. Qd1 Qc6 20. Nb4 Qb6 {½-½ (20) Bachmann,A (2649)-Shimanov,A (2627) Philadelphia 2016}) 12... a6 13. a3 b5 14. cxb5 {Die Stellung ist ausgeglichen.} Nxd4 15. b4 (15. Qxd4 {is more complex.} Nh5 16. Qb4 Qxb4 17. axb4 axb5 18. Rfc1) 15... Qb6 16. Qxd4 Qxd4 17. exd4 axb5 18. Rfd1 $146 ({Vorgänger:} 18. Rfe1 e6 19. Bf1 Rb8 20. Bd3 Rfc8 21. Rac1 Ne8 22. Ne4 Bc6 23. Nd2 d5 24. Nb3 {½-½ (24) Gauche,C (2250)-De Borba,G (1962) Florianopolis 2016}) 18... e6 19. d5 {und nun wäre dxe6 stark für Weiss.} e5 20. Bf1 Rb8 21. g4 Ne8 22. Ne4 f5 23. gxf5 gxf5 24. Ng5 Rf6 25. Kh1 (25. Kh2 $142) 25... Bh6 26. Ne6 Ng7 27. Nxg7 Kxg7 28. Bc1 Rc8 29. Bxh6+ Kxh6 ({Viel schwächer wäre} 29... Rxh6 30. Rdc1 $11) 30. Rac1 {[#] Und Txc8 würde nun gewinnen.} Rff8 $1 31. f4 exf4 32. Kg2 Kg5 33. Kf3 Rfe8 {[#]} 34. h4+ $1 {[%mdl 512]} Kf6 (34... Kxh4 $6 35. Rxc8 Rxc8 36. Kxf4 $11) 35. Kxf4 ({Lieber} 35. Rxc8 Rxc8 36. Kxf4) 35... Re4+ 36. Kf3 Rg8 37. Re1 Rxh4 38. Rc7 Rg7 {Weiss muss nun ...f4 beachten.} 39. Bxb5 {[#]} Re4 $1 {[%cal Re4e1]} ({Viel schlechter ist} 39... Rh3+ $6 40. Kf2 $11) 40. Rxd7 $4 {[%mdl 8192]} (40. Be2 $1 $15) 40... Rxd7 $19 ({Weniger gut wäre} 40... Rxe1 41. Rxd6+ Kg5 42. Rd8 $17) 41. Rxe4 (41. Rb1 $142 Rde7 42. Kf2) 41... fxe4+ 42. Kxe4 $15 {[%mdl 4096] Endspiel KT-KL} Ra7 43. a4 Rb7 44. Kd4 h5 45. Kc3 h4 46. Bf1 Rg7 (46... Ke5 $142 47. Bh3 Rg7) 47. b5 Rg1 {Schwarz setzt Matt.} 48. Bd3 h3 49. b6 h2 50. Be4 h1=Q 51. Bxh1 Rxh1 52. Kc2 Ke7 53. a5 Kd7 {Precision: Weiß = 42%, Schwarz = 75%.} 0-1

[Event "77th GEO-ch Supreme League 2018"]
[Site "Tbilisi"]
[Date "2018.01.17"]
[Round "1.2"]
[White "Paichadze, Luka"]
[Black "Tutisani, Noe"]
[Result "1/2-1/2"]
[WhiteElo "2588"]
[BlackElo "2367"]
[Annotator "TA"]
[PlyCount "84"]
[EventDate "2018.??.??"]
[EventType "k.o."]
[EventCountry "GEO"]
[SourceTitle "playchess.com"]
[Source "ChessBase"]
[SourceQuality "1"]

{[%evp 20,84,-6,0,0,0,0,0,0,0,0,0,0,0,0,-20,0,0,0,-16,-23,-23,-26,-15,0,0,5,0,0,0,0,0,0,0,0,0,38,27,51,31,44,6,42,30,39,0,8,0,0,0,0,0,0,0,0,7,85,0,0,0,8,8,8,8,8,8,8]} 1. e4 c5 2. Nf3 d6 3. d4 cxd4 4. Qxd4 Nc6 5. Bb5 Bd7 6. Bxc6 Bxc6 7. Nc3 Nf6 8. Bg5 e6 9. O-O-O Be7 10. Bxf6 {B53: Sicilian: 2...d6: Lines with Qxd4} (10. Rhe1 O-O 11. Kb1 h6 12. Bh4 b5 13. Bxf6 Bxf6 14. Qxd6 Qb6 15. e5 Rfd8 16. Qb4 a5 17. Qf4 Be7 18. Ne4 Bxe4 19. Qxe4 Bc5 20. Rd3 Rxd3 21. cxd3 {½-½ (60) Zhigalko,S (2641)-Saric,I (2669) Riadh 2017}) 10... Bxf6 11. Qxd6 {LiveBook: 5 Games} Qa5 12. a3 $146 ({Predecessor:} 12. e5 Rd8 13. Qa3 Qxa3 14. bxa3 Bxf3 15. Rxd8+ Bxd8 16. gxf3 Bg5+ 17. Kb2 Bf4 {0-1 (42) Szwed,J (2402)-Kantans,T (2491) Jastrzebia Gora 2016}) 12... Rd8 13. Qb4 Rxd1+ 14. Rxd1 Qxb4 15. axb4 Bxc3 $1 16. bxc3 Bxe4 $11 {[%mdl 4096] Endgame KRB-KRN} 17. Ne1 Bd5 18. Rd4 b5 19. f3 Ke7 20. Nd3 Rc8 21. Kd2 f6 22. Nb2 Rd8 23. Ke3 g5 24. Rd1 Rc8 25. Kd2 h5 26. Ra1 Rc7 27. Ra5 g4 (27... Rd7 {keeps more tension.} 28. Nd3 Bc6 29. Ke2 e5 30. Nc5 Rc7) 28. Rxb5 gxf3 29. gxf3 Bxf3 30. c4 f5 31. Nd3 Kf6 32. Ne5 Be4 33. Ke3 Rg7 34. Ra5 h4 35. Kf4 Bxc2 36. c5 {[%cal Bc4c5,Bc5b6][%mdl 32]} Be4 37. b5 Bd5 (37... Rc7 $1 $11 {remains equal.}) 38. Ra3 (38. c6 $16) 38... Rb7 {The position is equal.} 39. Ra5 Rc7 40. b6 axb6 41. cxb6 Rb7 42. Ra7 Ke7 $1 {Precision: White = 65%, Black = 67%.} 1/2-1/2